Central Library OPAC University of Rajshahi

Hume on religion / (Record no. 57621)

MARC details
000 -LEADER
fixed length control field 00913nam a2200289 a 4500
001 - CONTROL NUMBER
control field 57621
003 - CONTROL NUMBER IDENTIFIER
rucl marc code BD-RjUL
005 - DATE AND TIME OF LATEST TRANSACTION
control field 20211209080533.0
008 - FIXED-LENGTH DATA ELEMENTS--GENERAL INFORMATION
fixed length control field 900808s1963 enk b 001 0 eng d
035 ## - SYSTEM CONTROL NUMBER
System control number (BD-RjUL)57745
System control number (OCoLC)6211283
040 ## - CATALOGING SOURCE
Original cataloging agency IOH
Transcribing agency IOH
Modifying agency m.c
-- EUX
Language of cataloging eng
041 ## - LANGUAGE CODE
Language code of text/sound track or separate title eng
082 ## - DEWEY DECIMAL CLASSIFICATION NUMBER
Edition number 23
Classification number 201
Author mark and year HUH 1971
100 1# - MAIN ENTRY--PERSONAL NAME
Personal name Hume, David,
Dates associated with a name 1711-1776.
9 (RLIN) 171089
245 10 - TITLE STATEMENT
Title Hume on religion /
Statement of responsibility, etc. selected and introduced by Richard Wollheim.
246 30 - VARYING FORM OF TITLE
Title proper/short title On religion
260 ## - PUBLICATION, DISTRIBUTION, ETC. (IMPRINT)
Place of publication, distribution, etc. London :
Name of publisher, distributor, etc. Collins,
Date of publication, distribution, etc. c1963 [Impression 1971]
300 ## - PHYSICAL DESCRIPTION
Pagination 287 p. ;
Size 18 cm.
490 1# - SERIES STATEMENT
Series statement The Fontana library. Theology and philosophy ;
Volume/sequential designation 693L
500 ## - GENERAL NOTE
General note Includes bibliographical references and index.
650 #0 - SUBJECT ADDED ENTRY--TOPICAL TERM
Topical term or geographic name as entry element Religion
General subdivision Philosophy.
9 (RLIN) 171090
700 1# - ADDED ENTRY--PERSONAL NAME
Personal name Wollheim, Richard,
Dates associated with a name 1923-2003.
830 #0 - SERIES ADDED ENTRY--UNIFORM TITLE
Uniform title The Fontana library.
Volume number/sequential designation 693L
942 ## - ADDED ENTRY ELEMENTS (KOHA)
Source of classification or shelving scheme Dewey Decimal Classification
Koha item type Books
Holdings
Lost status Source of classification or shelving scheme Damaged status Not for loan Collection code Permanent Location Current Location Shelving location Date acquired Source of acquisition Cost, normal purchase price Total Checkouts Full call number Date last seen Copy number Koha item type
  Dewey Decimal Classification   Not For Loan Non-fiction Central Library, University of Rajshahi Central Library, University of Rajshahi Reading Room 05/06/1972 Sweets ana Zait. 0.45   201 HUH 1971 11/12/2016 C-1 Books